000
00310nam a2200145Ia 4500
100
_a
Still/Richard .R.
942
_c
BK
654
_a
Sales Management
245
_a
Sales Management
260
_b
Prentice-Hall of India
082
_a
658.81
_b
STI/CUN/
300
_a
608
546
_a
ENGLISH
999
_c
30418
_d
30418